| 000 | 01090nam a2200313 i 4500 | ||
|---|---|---|---|
| 001 | 9112 | ||
| 003 | KOSZ 005 | ||
| 005 | 20200630132819.0 | ||
| 008 | 070810s1970 pl a f f 001 0 pol | ||
| 015 | _aPB 1970/5882 | ||
| 040 |
_aWA N _cWA N _dKOSZ 005/RW |
||
| 080 | _a519 | ||
| 100 | 1 |
_aCzechowski, Tadeusz _d(1914-2002). _eAutor |
|
| 245 | 1 | 0 |
_aElementarny wykład rachunku prawdopodobieństwa / _cTadeusz Czechowski. |
| 250 | _aWydanie 3 poprawione. | ||
| 260 |
_aWarszawa : _bPaństwowe Wydawnictwo Naukowe, _c1970. |
||
| 300 |
_a206, [1] stron : _bilustracje ; _c24 cm. |
||
| 336 |
_aTekst _btxt _2rdacontent |
||
| 337 |
_aBez urządzenia pośredniczącego _bn _2rdamedia |
||
| 338 |
_aWolumin _bnc _2rdacarrier |
||
| 380 | _aKsiążki. | ||
| 504 | _aBibliografia na stronie [200]. Indeks. | ||
| 658 | _aMatematyka | ||
| 655 | 4 | _aPodręcznik | |
| 650 | 4 | _aPrawdopodobieństwo | |
| 710 | 2 |
_aPaństwowe Wydawnictwo Naukowe _4pbl. |
|
| 856 |
_uhttp://koha.tu.koszalin.pl/cgi-bin/koha/opac-detail.pl?biblionumber=9112 _yKatalog online BPK |
||
| 942 |
_2UKD _cKS |
||
| 999 |
_c9112 _d9112 |
||